000 01231nabaa22002417a 4500
999 _c6187
_d6187
003 OSt
005 20260125005442.0
008 190701b xxu||||| |||| 00| 0 spa d
040 _cPJ
100 _95556
_aGavaldá, Juan Marcelo
245 1 0 _aIndemnización por ruptura intempestiva de contratación transitoria (en los términos de la doctrina "Ramos") /
_be indemnización por acoso laboral /
_cJuan Marcelo Gavalda.
300 _ap. 187
500 _aCita: TR LALEY AR/DOC/1646/2024
505 _aSumario: I. Introducción.— II. Los hechos que suscitaron la cuestión.— III. El fallo apelado.— IV. La decisión de la Cámara y sus fundamentos.— V. Conclusiones.
505 _aFallo comentado: CNFed. Contenciosoadministrativo, sala V ~ 07/12/ 2023 ~ C., M. A. c. EN-M RREE y C s/ empleo público.
505 _t¿Te interesa el texto completo? Comunicate al correo: koha@justierradelfuego.gov.ar
650 0 _9211
_aDERECHO ADMINISTRATIVO
650 0 _aEMPLEO PUBLICO
_9938
650 0 _aVIOLENCIA LABORAL
_95130
650 0 _aJURISPRUDENCIA APLICABLE
_91057
773 0 _02842
_93251
_dBuenos Aires : AbeledoPerrot, 2012-
_oDA121
_tDerecho administrativo. Nº 154 julio/agosto 2024
_z18510590
942 _2udc
_cANA